[Event "Tourn. n9421"]
[Site "www.chess-mail.com"]
[Date "2017.07.01"]
[Round "1"]
[White "Picifarkinca"]
[Black "Astroboy"]
[WhiteElo "1990"]
[BlackElo "2080"]
[Result "0-1"]
[Round "1"]
1.e4 c6
2.e5 d5
3.d4 c5
4.c3 Nb8c6
5.Ng1f3 Bc8g4
6.Bf1e2 e6
7.O-O Qd8b6
8.a3 cxd4
9.b4 dxc3
10.Nb1xc3 Bg4xf3
11.Be2xf3 Nc6xe5
12.Bf3e2 a6
13.Bc1e3 Qb6d8
14.Ra1c1 Ng8f6
15.Be3d4 Ne5g6
16.Nc3a4 Bf8d6
17.Bd4b6 Qd8e7
18.Na4c5 O-O
19.Rf1e1 Rf8c8
20.Be2f3 Bd6f4
21.Rc1c2 Bf4xh2
22.Kh1 Bh2d6
{ resign }
0-1

[Event "Tourn. n9349"]
[Site "www.chess-mail.com"]
[Date "2017.07.01"]
[Round "1"]
[White "Rons"]
[Black "Marbachess"]
[WhiteElo "2600"]
[BlackElo "2630"]
[Result "1-0"]
[Round "1"]
1.e4 e6
2.d4 d5
3.Nb1c3 Bf8b4
4.e5 c5
5.a3 Bb4a5
6.b4 cxd4
7.Qd1g4 Ng8e7
8.bxa5 dxc3
9.Qg4xg7 Rh8g8
10.Qg7xh7 Qd8xa5
11.Ng1f3 Nb8c6
12.Nf3g5 Rg8f8
13.Bf1e2 Nc6xe5
14.Qh7g7 Ne5g6
15.g4 Qa5c7
16.Ng5h7 Rf8h8
17.Nh7f6 Kd8
18.h4 Qc7e5
19.Bc1g5 Bc8d7
20.f4 Qe5e3
21.f5 Qe3g3
22.Kd1 exf5
23.Rh1e1 Bd7c6
24.Nf6h5 Qg3e5
25.Qg7xe5 Ng6xe5
26.Bg5f6 Rh8h6
27.Bf6xe5 fxg4
28.Be2xg4 Bc6d7
29.Bg4f3 Ra8c8
30.Be5f6 Bd7e6
31.Bf6g5 Rh6h8
32.Ra1b1 b6
33.Rb1b4 Kd7
34.Nh5f6 Kc6
35.Rb4c4 Kb5
36.Rc4xc8 Rh8xc8
37.Kc1 Ka4
38.h5 Kxa3
39.h6 b5
40.Bf3g4 Ne7f5
41.Nf6xd5 a5
42.Nd5e7 Nf5xh6
43.Bg4xe6 { resign }
1-0

[Event "Tourn. n9364"]
[Site "www.chess-mail.com"]
[Date "2017.07.01"]
[Round "1"]
[White "Seger"]
[Black "Gimmyg"]
[WhiteElo "2650"]
[BlackElo "2420"]
[Result "1-0"]
[Round "1"]
1.d4 Ng8f6
2.c4 e6
3.Qd1c2 c5
4.dxc5 Bf8xc5
5.Ng1f3 Nb8c6
6.e3 b6
7.Bf1e2 O-O
8.a3 Bc5d6
9.b3 Bc8b7
10.Bc1b2 Qd8e7
11.O-O Rf8d8
12.Nb1d2 Ra8c8
13.Rf1e1 Bd6c7
14.e4 d6
15.Be2f1 h6
16.Ra1d1 Nc6e5
17.Nf3d4 a6
18.a4 Bc7b8
19.Qc2b1 Ne5d7
20.g3 Nd7c5
21.Bf1g2 Qe7d7
22.Bg2h3 h5
23.Qb1c2 h4
24.f3 Qd7e7
25.Nd2f1 Nf6h7
26.Qc2g2 hxg3
27.Nf1xg3 g6
28.Nd4f5 Qe7c7
29.Ng3h5 Nc5xb3
30.Nf5h6 Kf8
31.Bh3f5 Ke7
32.Nh6xf7 Rd8g8
33.Nf7h6 exf5
34.Nh5g7 { resign }
1-0

[Event "Tourn. n9422"]
[Site "www.chess-mail.com"]
[Date "2017.07.01"]
[Round "1"]
[White "Cal"]
[Black "Fantomas"]
[WhiteElo "1620"]
[BlackElo "1519"]
[Result "0-1"]
[Round "1"]
1.d4 e6
2.e4 b6
3.a3 Bc8b7
4.Nb1c3 Ng8f6
5.h3 Bf8e7
6.Bf1c4 O-O
7.Ng1f3 Nf6xe4
8.Nc3e2 h6
9.O-O d5
10.b4 dxc4
11.c3 Be7f6
12.Bc1f4 Ne4g5
13.Ne2g3 Ng5xf3
14.gxf3 Bf6g5
15.Bf4xg5 Qd8xg5
16.Kh2 Qg5f4
17.Kg2 Nb8d7
18.Rf1e1 Nd7f6
19.Re1e3 Nf6d5
20.Ng3e4 Nd5xe3
21.fxe3 Qf4xe3
22.Ra1a2 Bb7xe4
23.fxe4 Qe3xe4
24.Qd1f3 Qe4xf3
25.Kxf3 Ra8d8
26.a4 Rd8d5
27.h4 Rf8d8
28.Ra2e2 c5
29.bxc5 bxc5
30.dxc5 Rd5xc5
31.Kg4 Rd8d3
{ resign }
0-1

[Event "Tourn. n9300"]
[Site "www.chess-mail.com"]
[Date "2017.07.01"]
[Round "1"]
[White "Sozaro"]
[Black "Piriot"]
[WhiteElo "2250"]
[BlackElo "2380"]
[Result "0-1"]
[Round "1"]
1.Nb1c3 e5
2.Ng1f3 Nb8c6
3.e4 Ng8f6
4.Bf1e2 d5
5.exd5 Nf6xd5
6.O-O Nd5xc3
7.dxc3 Qd8xd1
8.Rf1xd1 f6
9.Rd1e1 Kf7
10.Bc1e3 Bc8e6
11.Ra1d1 Bf8e7
12.a4 Ra8d8
13.Be2d3 g6
14.Nf3d2 h5
15.h4 Rd8d7
16.b4 Rh8d8
17.Nd2e4 a6
18.Rd1b1 Be6d5
19.f3 Kg7
20.Kh2 f5
21.Ne4c5 Be7xc5
22.Be3xc5 Kf6
23.Re1e2 Rd8e8
24.Rb1e1 f4
25.Bc5f2 Rd7e7
26.c4 Bd5f7
27.b5 axb5
28.cxb5 Nc6a5
29.Bf2c5 Re7d7
30.Re2e4 Na5b3
31.Bc5a3 Nb3d4
32.a5 c6
33.a6 { time. }
0-1

[Event "Tourn. n9349"]
[Site "www.chess-mail.com"]
[Date "2017.07.01"]
[Round "1"]
[White "Chessington"]
[Black "Marbachess"]
[WhiteElo "2390"]
[BlackElo "2630"]
[Result "1-0"]
[Round "1"]
1.Ng1f3 f5
2.d3 Nb8c6
3.e4 e5
4.d4 fxe4
5.Nf3xe5 Ng8f6
6.Bf1c4 d5
7.Bc4b5 Bc8d7
8.c4 a6
9.Bb5xc6 Bf8b4
10.Nb1c3 Bd7xc6
11.Ne5xc6 Bb4xc3
12.bxc3 bxc6
13.c5 O-O
14.O-O Ra8b8
15.h3 Qd8c8
16.Qd1e2 Rb8b5
17.a4 Rb5b3
18.Qe2c2 Rb3b7
19.Bc1f4 Rb7b8
20.Bf4e5 Nf6d7
21.Be5h2 Rf8f7
22.Ra1b1 Rb8xb1
23.Rf1xb1 Nd7f8
24.a5 Nf8g6
25.Qc2b2 Qc8f5
26.Qb2e2 h5
27.Rb1b7 h4
28.Rb7xc7 Ng6f4
29.Bh2xf4 Qf5xf4
30.Rc7c8 Rf7f8
31.Qe2e3 Qf4f6
32.Rc8xf8 Kxf8
33.f3 exf3
34.Qe3xf3 Qf6xf3
35.gxf3 Ke7
36.Kf2 Ke6
37.Ke3 Kf5
38.Kd3 Ke6
39.c4 { resign }
1-0

[Event "Tourn. n9409"]
[Site "www.chess-mail.com"]
[Date "2017.07.01"]
[Round "1"]
[White "Picifarkinca"]
[Black "Xkafi"]
[WhiteElo "2040"]
[BlackElo "2000"]
[Result "0-1"]
[Round "1"]
1.e4 e5
2.Ng1f3 Nb8c6
3.Bf1e2 Bf8c5
4.d3 h6
5.h3 d6
6.c3 Ng8e7
7.b4 Bc5b6
8.a4 a5
9.b5 Nc6b8
10.O-O Nb8d7
11.Bc1a3 Nd7c5
12.Nb1d2 Bc8e6
13.Ba3xc5 Bb6xc5
14.Nd2b3 Bc5b6
15.Ra1b1 Ne7g6
16.d4 exd4
17.cxd4 Qd8f6
18.d5 Be6d7
19.Nf3d4 Ng6e5
20.f4 Ne5g6
21.Kh1 Qf6h4
22.Be2g4 c5
23.Bg4xd7 Kxd7
24.Qd1g4 Qh4xg4
25.hxg4 cxd4
{ resign }
0-1

[Event "Tourn. n9409"]
[Site "www.chess-mail.com"]
[Date "2017.07.01"]
[Round "1"]
[White "Picifarkinca"]
[Black "Coolant"]
[WhiteElo "2040"]
[BlackElo "2280"]
[Result "1/2-1/2"]
[Round "1"]
1.Ng1f3 d5
2.c4 d4
3.d3 Nb8c6
4.g3 e5
5.Bf1g2 Bf8b4
6.Nb1d2 Ng8e7
7.O-O Bb4xd2
8.Bc1xd2 O-O
9.b4 Qd8d6
10.b5 Nc6d8
11.Qd1b3 Nd8e6
12.Bd2b4 Ne6c5
13.Bb4xc5 Qd6xc5
14.Nf3d2 f5
15.a4 Ra8b8
16.Qb3a3 Qc5xa3
17.Ra1xa3 c6
18.Ra3b3 c5
19.a5 Bc8d7
20.Rf1b1 Kf7
21.e3 Ke6
22.Bg2h3 Kd6
23.exd4 cxd4
24.Bh3g2 Rf8c8
25.Rb1e1 Ne7g6
26.Nd2f3 Rc8e8
27.Nf3g5 h6
28.Ng5f3 Kc5
29.Nf3d2 { draw }
1/2-1/2

[Event "Tourn. n9425"]
[Site "www.chess-mail.com"]
[Date "2017.07.01"]
[Round "1"]
[White "Quaff"]
[Black "Madz123456"]
[WhiteElo "1850"]
[BlackElo "1940"]
[Result "0-1"]
[Round "1"]
1.e4 c5
2.f4 g6
3.Ng1f3 Bf8g7
4.c3 Ng8f6
5.d3 O-O
6.Bc1e3 Qd8c7
7.Bf1e2 d5
8.e5 Nf6g4
9.Be3f2 Ng4xf2
10.Kxf2 f6
11.d4 Nb8c6
12.Rh1f1 cxd4
13.cxd4 fxe5
14.fxe5 Qc7b6
15.b3 Nc6xd4
16.Kg3 Nd4f5
{ resign }
0-1

[Event "Tourn. n9424"]
[Site "www.chess-mail.com"]
[Date "2017.07.01"]
[Round "1"]
[White "Picifarkinca"]
[Black "Astroboy"]
[WhiteElo "2040"]
[BlackElo "2160"]
[Result "0-1"]
[Round "1"]
1.e4 c6
2.d4 d5
3.exd5 cxd5
4.Bf1d3 Nb8c6
5.c3 Ng8f6
6.Bc1f4 g6
7.Ng1f3 Bf8g7
8.Nb1d2 O-O
9.O-O Bc8g4
10.h3 Bg4xf3
11.Nd2xf3 e6
12.Nf3e5 Ra8c8
13.Rf1e1 Nf6d7
14.Ne5g4 Rf8e8
{ resign }
0-1

[Event "Tourn. n9371"]
[Site "www.chess-mail.com"]
[Date "2017.07.01"]
[Round "1"]
[White "Faerieking"]
[Black "Tartan"]
[WhiteElo "2260"]
[BlackElo "2400"]
[Result "0-1"]
[Round "1"]
1.e4 c5
2.Ng1f3 Nb8c6
3.Bf1b5 g6
4.Bb5xc6 dxc6
5.d3 Bf8g7
6.O-O Ng8f6
7.Nb1d2 O-O
8.h3 Nf6d7
9.Qd1e2 Qd8c7
10.c3 Rf8e8
11.Rf1e1 e5
12.Nd2f1 Nd7f8
13.Bc1e3 b6
14.Nf1g3 Bc8a6
15.Qe2c2 Ra8d8
16.Ra1d1 Nf8e6
17.Ng3e2 Rd8d7
18.Rd1d2 f5
19.exf5 gxf5
20.Rd2d1 e4
21.dxe4 fxe4
22.Rd1xd7 Qc7xd7
23.Nf3g5 Ne6xg5
24.Be3xg5 Qd7d5
25.Bg5c1 Ba6d3
{ resign }
0-1

[Event "Tourn. n9391"]
[Site "www.chess-mail.com"]
[Date "2017.07.01"]
[Round "1"]
[White "Hundegana"]
[Black "Roohbakhsh"]
[WhiteElo "2000"]
[BlackElo "2140"]
[Result "1-0"]
[Round "1"]
1.f4 c5
2.e4 d5
3.e5 e6
4.g3 Nb8c6
5.Bf1b5 Ng8h6
6.h3 Nh6f5
7.Kf2 Bf8e7
8.Ng1f3 O-O
9.Bb5xc6 bxc6
10.b3 c4
11.Kg2 Bc8b7
12.Nb1c3 c5
13.bxc4 dxc4
14.Ra1b1 Ra8b8
15.g4 Nf5h4
16.Kg3 Bb7xf3
17.Rb1xb8 Bf3xd1
18.Rb8xd8  { time }
1-0

[Event "Tourn. n9349"]
[Site "www.chess-mail.com"]
[Date "2017.07.01"]
[Round "1"]
[White "Asoka"]
[Black "Loper10"]
[WhiteElo "2740"]
[BlackElo "2730"]
[Result "1/2-1/2"]
[Round "1"]
1.d4 Ng8f6
2.c4 e6
3.Nb1c3 d5
4.Ng1f3 c6
5.cxd5 exd5
6.Bc1f4 Bf8d6
7.Bf4xd6 Qd8xd6
8.e3 Bc8f5
9.Nf3h4 Bf5g6
10.Bf1e2 Nb8d7
11.O-O O-O
12.Nh4xg6 hxg6
13.h4 Nd7b6
14.g3 Rf8e8
15.Kg2 Qd6e6
16.Ra1c1 Ra8d8
17.b3 Nb6c8
18.Be2d3 Nc8d6
19.Nc3e2 Qe6d7
20.Ne2f4 Nd6f5
21.Qd1f3 Nf6e4
22.Rf1h1 Qd7d6
23.Rc1e1 Qd6f6
24.a3 Ne4d2
25.Qf3d1 Nd2e4
26.Qd1c1 Qf6e7
27.a4 a5
28.Qc1b2 Rd8a8
29.Qb2e2 Qe7f6
30.Qe2b2 Qf6e7
31.Qb2e2 Qe7f6
32.Qe2b2 Qf6e7
{ draw }
1/2-1/2

[Event "Tourn. n9404"]
[Site "www.chess-mail.com"]
[Date "2017.07.01"]
[Round "1"]
[White "Bojan"]
[Black "Andychesston"]
[WhiteElo "1950"]
[BlackElo "1990"]
[Result "0-1"]
[Round "1"]
1.e4 e5
2.Ng1f3 Nb8c6
3.c3 Ng8f6
4.d3 d6
5.b4 Bc8g4
6.Bf1e2 Bf8e7
7.h3 Bg4h5
8.Bc1e3 O-O
9.g4 Bh5g6
10.Qd1d2 Kh8
11.g5 Nf6g8
12.Nf3h4 h6
13.Nh4xg6 fxg6
14.gxh6 g5
15.hxg7 Kxg7
16.Rh1g1 Qd8d7
17.h4 Qd7h3
18.Be3xg5 Qh3h2
19.Rg1g3 Qh2xf2
20.Kd1 Qf2xg3
21.Kc2 Rf8f2
22.Bg5e3 Rf2g2
23.h5 Qg3h2
24.Kd1 Ra8f8
25.Qd2e1 Be7h4
26.h6 Ng8xh6
27.Qe1d2 Nh6g4
28.Be2xg4 Rg2xd2
29.Be3xd2 Rf8f1
30.Kc2 Bh4g5
{ resign }
0-1

[Event "Tourn. n9185"]
[Site "www.chess-mail.com"]
[Date "2017.07.01"]
[Round "1"]
[White "Conde7"]
[Black "Numanoid"]
[WhiteElo "2890"]
[BlackElo "2410"]
[Result "1-0"]
[Round "1"]
1.e4 e5
2.Ng1f3 Nb8c6
3.Bf1b5 f5
4.d3 fxe4
5.dxe4 Ng8f6
6.O-O Bf8c5
7.Bb5xc6 bxc6
8.Nf3xe5 O-O
9.Nb1c3 d6
10.Ne5d3 Bc5d4
11.Qd1e1 Qd8e8
12.Bc1e3 Bd4xc3
13.Qe1xc3 Qe8xe4
14.Rf1e1 Qe4a4
15.Nd3f4 Nf6e4
16.Qc3b3 Qa4xb3
17.axb3 Ne4f6
18.Be3d2 Bc8f5
19.Nf4e6 Rf8f7
20.Ne6d4 Bf5g6
21.Nd4xc6 Bg6xc2
22.b4 a6
23.Ra1a3 Bc2e4
24.Re1c1 Be4d5
25.b5 Nf6e4
26.Bd2e3 Bd5xc6
27.Rc1xc6 a5
28.Ra3a4 Ne4c5
29.Be3xc5 dxc5
30.Rc6xc5 Ra8d8
31.f3 Rd8d2
32.Ra4xa5 h6
33.Ra5a8 Kh7
34.h4 Rd2xb2
35.Ra8a4 Rf7d7
36.Ra4g4 Kg8
37.Kh2 Kf8
38.Kh3 Kg8
39.h5 Kf8
40.Rg4e4 Rb2d2
41.Rc5f5 Rd7f7
42.Rf5xf7 Kxf7
43.Re4c4 Rd2d7
44.g4 Kf6
45.Kg3 Kf7
46.Kf4 Ke7
47.Ke5 Kf7
48.f4 Ke7
49.Rc4d4 Rd7xd4
50.Kxd4 { resign }
1-0

[Event "Tourn. n9312"]
[Site "www.chess-mail.com"]
[Date "2017.07.01"]
[Round "1"]
[White "Ditto"]
[Black "Winston"]
[WhiteElo "1670"]
[BlackElo "1890"]
[Result "1-0"]
[Round "1"]
1.e4 e6
2.d4 d5
3.e5 c5
4.c4 Nb8c6
5.cxd5 Qd8xd5
6.Nb1c3 Qd5xd4
7.Qd1xd4 Nc6xd4
8.Bf1c4 Nd4c2
9.Kd1 Nc2xa1
10.Ng1f3 Bc8d7
11.Bc4d3 Bf8e7
12.Bc1e3 Ng8h6
13.Ke2 a6
14.Rh1xa1 b5
15.Bd3e4 Ra8b8
16.Ra1d1 Nh6g4
17.Be3f4 f5
18.exf6 Rb8d8
19.fxe7 Kxe7
20.Bf4g5 Ng4f6
21.Be4b7 Bd7c8
22.Bb7c6 Rd8xd1
23.Kxd1 Rh8d8
24.Ke2 Bc8d7
25.Bc6e4 h6
26.Bg5e3 Rd8c8
27.h3 b4
28.Be4b7 Rc8c7
29.Bb7xa6 bxc3
30.bxc3 Nf6d5
31.Be3d2 Nd5f4
32.Kf1 c4
33.Bd2xf4 Rc7a7
34.Ba6xc4 { resign }
1-0

[Event "Tourn. n9170"]
[Site "www.chess-mail.com"]
[Date "2017.07.01"]
[Round "1"]
[White "Numanoid"]
[Black "Rons"]
[WhiteElo "2410"]
[BlackElo "2550"]
[Result "1-0"]
[Round "1"]
1.d4 Ng8f6
2.Bc1g5 Nf6e4
3.Bg5f4 c5
4.f3 Qd8a5
5.c3 Ne4f6
6.d5 Qa5b6
7.Bf4c1 e6
8.e4 exd5
9.exd5 Bf8e7
10.c4 O-O
11.Nb1c3 Rf8e8
12.Bf1d3 d6
13.Ng1e2 Nb8a6
14.O-O Nf6d7
15.f4 Nd7f6
16.Bc1d2 Bc8d7
17.Ne2g3 Bd7g4
18.Qd1b1 Bg4d7
19.a3 h6
20.Bd3f5 Qb6b3
21.Bf5xd7 Nf6xd7
22.Ng3f5 Na6c7
23.Rf1f3 Qb3xc4
24.Rf3g3 Be7f6
25.Qb1d1 Nc7xd5
26.Rg3xg7 Kh8
27.Rg7xf7 Bf6d4
28.Nf5xd4 Nd5e7
29.Nd4f5 Qc4xf7
30.Nf5xd6 Qf7g7
31.Nd6xe8 Ra8xe8
32.Qd1h5 Re8g8
33.g3 Qg7d4
34.Kh1 Rg8g6
35.Ra1d1 Nd7f6
36.Qh5f3 Ne7f5
37.Qf3xb7 Qd4d3
38.Qb7g2 Qd3a6
39.Rd1e1 Qa6d3
40.Nc3e4 Nf6xe4
41.Re1xe4 Rg6g7
42.Bd2c3 Kh7
43.Kg1 Nf5d4
44.Re4e8 Qd3d1
45.Qg2f1 Qd1c2
46.Qf1f2 Qc2d3
47.Kg2 a6
48.Re8e5 Rg7f7
49.Qf2d2 Qd3xd2
50.Bc3xd2 Rf7b7
51.Bd2c3 Rb7c7
52.a4 Kg6
53.g4 Kf7
54.Kg3 h5
55.gxh5 Rc7c6
56.Kg4 Kg8
57.h4 Kf8
58.h6 Rc6xh6
59.Re5xc5 { resign }
1-0

[Event "Tourn. n9385"]
[Site "www.chess-mail.com"]
[Date "2017.07.01"]
[Round "1"]
[White "Madz123456"]
[Black "Theos666"]
[WhiteElo "1730"]
[BlackElo "1370"]
[Result "1-0"]
[Round "1"]
1.e4 e5
2.Ng1f3 Nb8c6
3.Bf1b5 Ng8f6
4.O-O Bf8d6
5.d4 O-O
6.Bb5xc6 bxc6
7.dxe5 Bd6c5
8.exf6 gxf6
9.Bc1h6 Rf8e8
10.Nf3d4 Bc8a6
11.Qd1g4 Kh8
12.Qg4g7 { resign }
1-0

[Event "Tourn. n9388"]
[Site "www.chess-mail.com"]
[Date "2017.07.01"]
[Round "1"]
[White "Leonger"]
[Black "Conde7"]
[WhiteElo "2450"]
[BlackElo "2870"]
[Result "0-1"]
[Round "1"]
1.d4 Ng8f6
2.c4 e6
3.Ng1f3 Bf8b4
4.Bc1d2 Bb4xd2
5.Qd1xd2 b6
6.g3 O-O
7.Nb1c3 d5
8.Bf1g2 Bc8b7
9.cxd5 exd5
10.O-O Nb8d7
11.Ra1c1 c6
12.Rf1e1 Rf8e8
13.Bg2h3 Nf6e4
14.Qd2f4 Nd7f8
15.Nc3xe4 dxe4
 { time }
0-1

[Event "Tourn. n9300"]
[Site "www.chess-mail.com"]
[Date "2017.07.01"]
[Round "1"]
[White "Obisporey"]
[Black "Sozaro"]
[WhiteElo "2660"]
[BlackElo "2250"]
[Result "1-0"]
[Round "1"]
1.e4 e5
2.Ng1f3 Nb8c6
3.Bf1b5 Ng8f6
4.O-O Nf6xe4
5.Rf1e1 Ne4d6
6.Nf3xe5 Nc6xe5
7.Re1xe5 Bf8e7
8.Nb1c3 O-O
9.Bb5d3 Be7f6
10.Re5e3 Bf6d4
11.Re3h3 g6
12.Qd1g4 Bd4g7
13.Qg4f4 b6
14.Rh3e3 Bc8b7
15.b3 Rf8e8
16.Bc1a3 Re8xe3
17.fxe3 Qd8e7
18.Ba3xd6 cxd6
19.Ra1f1 Bg7e5
20.Qf4f2 Be5xc3
21.dxc3 Ra8c8
22.e4 Kg7
23.Qf2d4 Qe7e5
24.Qd4a4 Rc8c7
25.Qa4xa7 Qe5c5
26.Kh1 Bb7xe4
27.Qa7a4 Be4xd3
28.cxd3 Qc5e5
29.Qa4h4 Rc7xc3
30.Qh4f2 f6
31.Qf2xb6 Rc3xd3
32.a4 Qe5e2
33.Rf1g1 Qe2c2
34.a5 Qc2xb3
35.Qb6xb3 Rd3xb3
36.Rg1a1 Kf7
37.a6 Rb3b8
38.Kg1 Rb8a8
{ time. }
1-0

[Event "Tourn. n9380"]
[Site "www.chess-mail.com"]
[Date "2017.07.01"]
[Round "1"]
[White "Mihaiiorga"]
[Black "Picifarkinca"]
[WhiteElo "2220"]
[BlackElo "2030"]
[Result "1/2-1/2"]
[Round "1"]
1.e4 c6
2.d4 d5
3.exd5 cxd5
4.Ng1f3 Bc8f5
5.c4 Ng8f6
6.Nb1c3 e6
7.c5 Nb8c6
8.Bf1b5 a6
9.Bb5xc6 bxc6
10.Bc1g5 Bf8e7
11.O-O Nf6e4
12.Bg5xe7 Qd8xe7
13.Nc3xe4 Bf5xe4
14.Nf3e5 Qe7b7
15.f3 Be4g6
16.Ne5xg6 hxg6
17.b3 Qb7b8
18.g3 Ke7
19.Qd1e2 Qb8b4
20.Qe2e3 Rh8h3
21.Rf1f2 { draw }
1/2-1/2

[Event "Tourn. n9424"]
[Site "www.chess-mail.com"]
[Date "2017.07.01"]
[Round "1"]
[White "Picifarkinca"]
[Black "Roque1"]
[WhiteElo "2040"]
[BlackElo "2040"]
[Result "0-1"]
[Round "1"]
1.e4 c5
2.d4 cxd4
3.c3 dxc3
4.Nb1xc3 e5
5.Bf1c4 Ng8f6
6.Ng1f3 Nb8c6
7.O-O Bf8e7
8.Rf1e1 O-O
9.Nc3d5 d6
10.h3 Bc8e6
11.Nd5xe7 Qd8xe7
12.Bc4d5 Be6xd5
{ resign }
0-1

[Event "Tourn. n9301"]
[Site "www.chess-mail.com"]
[Date "2017.07.01"]
[Round "1"]
[White "Comrade"]
[Black "Roserl"]
[WhiteElo "2240"]
[BlackElo "2180"]
[Result "0-1"]
[Round "1"]
1.c4 Ng8f6
2.d4 e6
3.Nb1c3 Bf8b4
4.Bc1d2 O-O
5.Ng1f3 b6
6.e3 Bc8b7
7.Bf1e2 c5
8.Nc3b5 Bb4xd2
9.Qd1xd2 Nf6e4
10.Qd2c2 a6
11.Nb5c3 Ne4xc3
12.bxc3 d5
13.Ra1d1 Qd8e7
14.O-O Nb8c6
15.Be2d3 dxc4
16.Bd3xh7 Kh8
17.Bh7e4 cxd4
18.exd4 g6
19.Rf1e1 Qe7f6
20.Re1e3 Kg7
21.Nf3e5 Ra8c8
22.Ne5d7 Qf6e7
23.Nd7xf8 Qe7xf8
24.Re3g3 f5
25.Be4f3 Qf8f7
26.Bf3h5 Nc6e7
27.Qc2e2 Qf7f6
28.d5 Bb7xd5
29.Bh5f3 Bd5xf3
30.Qe2xf3 Ne7d5
31.a4 b5
32.axb5 axb5
33.Rd1a1 Rc8c7
34.Ra1a8 b4
35.cxb4 Nd5xb4
36.Qf3h5 Kf7
37.Qh5h7 Qf6g7
38.Qh7xg7 Kxg7
39.Rg3c3 Nb4d5
40.Ra8a6 Nd5xc3
{ resign }
0-1

[Event "Tourn. n9434"]
[Site "www.chess-mail.com"]
[Date "2017.07.01"]
[Round "1"]
[White "Astroboy"]
[Black "Picifarkinca"]
[WhiteElo "2200"]
[BlackElo "2030"]
[Result "1-0"]
[Round "1"]
1.e4 c6
2.c4 e5
3.Ng1f3 d6
4.d4 Nb8d7
5.Nb1c3 Qd8c7
6.Bc1e3 Bf8e7
7.Bf1e2 Ng8f6
8.h3 b6
9.Ra1c1 Bc8a6
10.b4 O-O
11.a4 Ba6b7
12.O-O a5
13.b5 { resign }
1-0

[Event "Match"]
[Site "www.echecsemail.com"]
[Date "2017.07.01"]
[Round "1"]
[White "Dussek"]
[Black "Drdoom"]
[WhiteElo "1499"]
[BlackElo "1590"]
[Result "1-0"]
[Round "1"]
1.d4 d5
2.Ng1f3 Nb8c6
3.Bc1f4 Ng8f6
4.Nb1d2 e6
5.e3 a6
6.Bf1d3 Nf6h5
7.Bf4g5  { time }
1-0

[Event "Match"]
[Site "www.echecsemail.com"]
[Date "2017.07.01"]
[Round "1"]
[White "Winston"]
[Black "Fangshuo"]
[WhiteElo "1940"]
[BlackElo "2090"]
[Result "0-1"]
[Round "1"]
1.e4 e6
2.d4 d5
3.e5 c5
4.c3 cxd4
5.cxd4 Nb8c6
6.Ng1f3 Bf8b4
7.Bc1d2 Qd8b6
8.Nb1c3 a6
9.Nc3a4 Bb4xd2
10.Qd1xd2 Qb6a7
11.Bf1e2 Ng8e7
12.Na4c5 Ne7f5
13.Ra1c1 O-O
14.O-O b6
15.Nc5d3 Nc6xd4
16.Nf3xd4 Nf5xd4
17.Qd2e3 Nd4f5
18.Qe3d2 Bc8b7
19.Rc1c2 Ra8c8
20.Rf1c1 Rc8xc2
21.Rc1xc2 a5
22.a3 Bb7a6
23.b4 Nf5d4
24.Rc2c1 Nd4b3
{ resign }
0-1

[Event "Match"]
[Site "www.echecsemail.com"]
[Date "2017.07.01"]
[Round "1"]
[White "Dussek"]
[Black "Billyg"]
[WhiteElo "1499"]
[BlackElo "1720"]
[Result "1-0"]
[Round "1"]
1.e4 e5
2.d4 Bf8b4
3.c3 Bb4a5
4.dxe5 a6
5.Ng1f3 Ng8e7
6.Bc1g5 h6
7.Bg5h4 g5
8.Bh4g3 Nb8c6
9.Bf1c4 b5
10.Bc4d3 d5
11.Nb1d2 Bc8g4
12.O-O b4
13.Nd2b3 Nc6xe5
14.Bd3e2 Bg4xf3
15.Be2xf3 f6
16.Nb3c5 Qd8c8
17.exd5 bxc3
18.bxc3 Ba5xc3
19.Ra1c1 Ne5xf3
20.Qd1xf3 Bc3d4
21.Nc5e6 c6
22.Ne6xd4 Qc8d8
23.d6 Ne7d5
24.Nd4xc6 Qd8d7
25.Qf3xd5 { resign }
1-0

[Event "Match"]
[Site "www.echecsemail.com"]
[Date "2017.07.01"]
[Round "1"]
[White "Pinehill"]
[Black "Chapi"]
[WhiteElo "2050"]
[BlackElo "2120"]
[Result "0-1"]
[Round "1"]
1.e4 c5
2.Ng1f3 Nb8c6
3.d4 cxd4
4.Nf3xd4 g6
5.Nb1c3 Bf8g7
6.Bc1e3 d6
7.Bf1b5 Bc8d7
8.Qd1d2 Ng8f6
9.f3 O-O
10.O-O-O a6
11.Nd4xc6 bxc6
12.Bb5c4 Qd8c7
13.Kb1 Rf8b8
14.f4 Nf6xe4
15.Nc3xe4 Rb8xb2
16.Kc1 Ra8b8
17.Qd2f2 Rb2b1
18.Kd2 Qc7a5
19.c3 Rb1b2
{ resign }
0-1

[Event "Match"]
[Site "www.echecsemail.com"]
[Date "2017.07.01"]
[Round "1"]
[White "Mitja"]
[Black "Cjood"]
[WhiteElo "2040"]
[BlackElo "1970"]
[Result "1/2-1/2"]
[Round "1"]
1.d4 Ng8f6
2.e3 d5
3.h3 g6
4.c3 Bf8g7
5.Nb1d2 b6
6.Nd2b3 c6
7.Ng1f3 Bc8b7
8.Bf1e2 Nb8d7
9.Qd1c2 O-O
10.Nb3d2 Rf8e8
11.b3 a6
12.Bc1b2 b5
13.b4 e6
14.Nd2b3 Qd8e7
15.Nb3a5 Ra8b8
16.Na5xb7 Rb8xb7
17.Nf3d2 Nd7b6
18.Nd2b3 Rb7a7
19.Nb3a5 Re8c8
20.a3 Nf6d7
21.Be2f3 Nd7f6
22.O-O Nb6c4
23.Na5xc4 bxc4
24.Ra1b1 a5
25.Rf1d1 axb4
26.axb4 Rc8a8
27.Rb1a1 Ra7xa1
28.Rd1xa1 Ra8xa1
{ draw }
1/2-1/2

[Event "Match"]
[Site "www.echecsemail.com"]
[Date "2017.07.01"]
[Round "1"]
[White "Guidom"]
[Black "Cjood"]
[WhiteElo "2090"]
[BlackElo "1880"]
[Result "1-0"]
[Round "1"]
1.e4 c6
2.d4 g6
3.f4 Bf8g7
4.c3 e5
5.Ng1f3 exf4
6.Bc1xf4 d6
7.Bf1e2 Bc8e6
8.O-O Ng8f6
9.Nb1d2 Qd8e7
10.Rf1e1 Nf6h5
11.Bf4e3 Nb8d7
12.c4 Bg7f8
13.Be2d3 h6
14.d5 Be6g4
15.Qd1b3 b6
16.dxc6 Nd7b8
17.Qb3b5 Qe7c7
18.Nf3d4 a6
19.Qb5a4 Bf8g7
20.h3 Bg4c8
21.Nd2f3 O-O
22.g4 Nh5f6
23.Be3f4 Rf8e8
24.e5 dxe5
25.Nf3xe5 g5
26.Bf4h2 Qc7d8
27.Ne5f3 Re8xe1
28.Ra1xe1 Nf6xg4
29.c7 Bg7xd4
30.Kg2 Ng4e3
31.Re1xe3 Bc8xh3
32.Kh1 Qd8c8
33.Re3e8 Qc8xe8
34.Qa4xe8 { resign }
1-0

[Event "Match"]
[Site "www.echecsemail.com"]
[Date "2017.07.01"]
[Round "1"]
[White "Numanoid"]
[Black "Leonger"]
[WhiteElo "2500"]
[BlackElo "2349"]
[Result "1-0"]
[Round "1"]
1.e4 c5
2.Ng1f3 e6
3.d4 cxd4
4.Nf3xd4 Nb8c6
5.Nb1c3 Ng8f6
6.Nd4b5 d6
7.Bc1f4 e5
8.Bf4g5 a6
9.Nb5a3 Ra8b8
10.Na3c4 h6
11.Bg5xf6 Qd8xf6
12.Nc3d5 Qf6g6
13.f3 Bf8e7
14.Nd5c7 Kf8
15.Qd1d2 Be7h4
16.g3 Bh4d8
17.Nc7d5 h5
18.O-O-O h4
19.Bf1d3 Qg6h6
20.Qd2xh6 Rh8xh6
21.f4 b5
22.Nc4e3 Nc6e7
23.Kb1 Ne7xd5
24.Ne3xd5 Bc8g4
25.Rd1f1 Bg4h3
26.Rf1d1  { time }
1-0

[Event "Match"]
[Site "www.echecsemail.com"]
[Date "2017.07.01"]
[Round "1"]
[White "Babedad"]
[Black "Ketchuplover"]
[WhiteElo "2130"]
[BlackElo "1790"]
[Result "1-0"]
[Round "1"]
1.b3 b6
2.Bc1b2 Bc8b7
3.c4 c5
4.Ng1f3 d5
5.cxd5 Bb7xd5
6.d3 Ng8f6
7.e4 Bd5b7
8.e5 Nf6d5
9.e6 fxe6
10.Nf3e5 Nd5f6
11.Qd1e2 Nb8d7
12.Nb1d2 Nd7xe5
13.Qe2xe5 Qd8d5
14.Qe5g3 O-O-O
15.f3 g6
16.Bf1e2 Bb7a6
17.Nd2c4 Ba6xc4
18.bxc4 Qd5b7
19.O-O Bf8g7
20.Bb2e5 Nf6h5
21.Qg3g5 Bg7f6
22.Qg5e3 Qb7d7
23.g4 Bf6xe5
24.Qe3xe5 Nh5f6
25.a4 Qd7d4
26.Qe5xd4 Rd8xd4
27.a5 Kb7
28.axb6 axb6
29.f4 Rh8a8
30.Be2f3 Nf6d5
31.Ra1xa8 Kxa8
32.cxd5 exd5
33.Bf3e2 e6
34.Kg2 c4
35.dxc4 dxc4
36.Kf3 Kb7
37.Rf1d1 Rd4d5
38.Ke4 Kc6
39.Rd1xd5 exd5
40.Kd4 { resign }
1-0

[Event "Match"]
[Site "www.echecsemail.com"]
[Date "2017.07.01"]
[Round "1"]
[White "Ranjachess"]
[Black "Rindrandria"]
[WhiteElo "1870"]
[BlackElo "1680"]
[Result "1-0"]
[Round "1"]
1.d4 e6
2.a3 c5
3.Bc1f4 Qd8b6
4.Nb1c3 cxd4
5.Nc3a4 Qb6a5
6.c3 b5
7.b4 Qa5d8
8.Na4c5 d6
9.Nc5e4 e5
10.Bf4g3 f5
11.cxd4 fxe4
12.dxe5 h5
13.exd6 h4
14.Bg3e5 Nb8d7
15.Qd1d5 Nd7b6
16.Qd5xe4 Bc8e6
17.e3 Nb6a4
18.Bf1xb5 Kf7
19.Bb5xa4 Ng8f6
20.Be5xf6 Qd8xf6
21.Qe4f3 Be6f5
22.Ra1d1 Qf6c3
23.Rd1d2 Ra8d8
24.Qf3xf5 Kg8
25.Qf5e6 Kh7
26.Ba4c2 g6
27.Qe6xg6 
1-0

[Event "Match"]
[Site "www.echecsemail.com"]
[Date "2017.07.01"]
[Round "1"]
[White "Numanoid"]
[Black "Pwain"]
[WhiteElo "2430"]
[BlackElo "2400"]
[Result "0-1"]
[Round "1"]
1.e4 e5
2.Ng1f3 Nb8c6
3.d4 exd4
4.Nf3xd4 Ng8f6
5.Nd4xc6 bxc6
6.e5 Qd8e7
7.Qd1e2 Nf6d5
8.c4 Bc8a6
9.Nb1d2 g6
10.Nd2f3 Qe7b4
11.Kd1 Bf8g7
12.Qe2d2 Qb4xd2
13.Bc1xd2 Nd5b6
14.b3 O-O
15.Kc2 d5
16.c5 Ba6xf1
17.Ra1xf1 Nb6d7
18.Nf3d4 Rf8e8
19.f4 Nd7xc5
20.Nd4xc6 Nc5e4
21.Bd2b4 Kh8
22.Rf1f3 Re8e6
23.Nc6d4 Re6a6
24.Kb2 c5
25.Nd4b5 cxb4
26.Nb5c7 Ra6c6
27.Nc7xa8 Rc6c8
28.Rh1c1 Rc8xa8
29.Rc1c7 f6
30.exf6 Bg7xf6
31.Kc2 a5
32.Rf3d3 Ne4c3
33.a4 Ra8e8
34.Rd3d2 Kg8
35.Rc7a7 Bf6d8
36.Ra7a8 Kf7
37.g4 Bd8b6
38.Ra8xe8 Kxe8
39.Rd2d3 Kf7
40.f5 gxf5
41.gxf5 Bb6c7
42.Rd3h3 Bc7e5
43.Rh3xh7 Be5g7
44.Kd3 Nc3e4
45.Rh7h5 Ne4c5
46.Kc2 d4
47.f6 Bg7f8
48.Rh5d5 d3
49.Kd1 Kxf6
{ resign }
0-1

[Event "Match"]
[Site "www.echecsemail.com"]
[Date "2017.07.01"]
[Round "1"]
[White "Drdoom"]
[Black "Orae"]
[WhiteElo "1610"]
[BlackElo "1720"]
[Result "0-1"]
[Round "1"]
1.e4 e5
2.Ng1f3 Nb8c6
3.Bf1c4 h6
4.O-O Ng8f6
5.Nb1c3 Bf8b4
6.Rf1e1 Bb4xc3
7.bxc3 Qd8e7
 { time }
0-1